000 00732nam a2200229 a 4500
001 20354
003 CO-ViMGA
008 141112s2004 ck r 000 u spa d
020 _a8466605533
040 _aCO-ViMGA
_bspa
_cCO-ViMGA
082 0 4 _aANDme
100 1 _aAndersen, Hans Cristhian
_929393
245 1 0 _aLos mejores cuentos de Andersen
260 _aBarcelona :
_bEdiciones B,
_c2001
300 _a68p
490 _aRelatos de hoy y siempre
590 _aForma de adquisición : Premio Min Cultura - - Precio : 26000 - - Fecha de adquisición : Febrero 2006
650 1 4 _aANIMALES EN LA LITERATURA
_9853
650 1 4 _aCUENTOS INFANTILES DANESES
_921495
650 1 4 _aPRINCESAS EN LA LITERATURA
_92419
942 _2ddc
_cBK
999 _c29362
_d29362